000 00563nam a22002177a 4500
003 UA-OsUOA
001 53415
007 ta
008 20080402b un ||||| |||| 00| 0 ukr d
100 _aВІтер Д.
090 _a908
_bВ-12
942 _cSA
040 _aUA-OsUOA
_bukr
_cUA-OsUOA
_dUA-OsUOA
245 _aТанці з викладачами - жартома і сверйоз/Острозька академія
300 _aС.3
955 _a0
041 _aukr
080 _a908
773 0 _w53414
650 7 _a908 Краєзнавство
_2UDC
999 _c339502
_d339502